000 00344nam a2200145Ia 4500
008 150201s2013 xx 000 0 und d
082 _a611
_bC13S
100 _aSINGH, VISHRAM
245 _aTB. OF CLINICAL NEUROANATOMY
250 _a2ND
260 _bELSVIER
_aINDIA
_c2013
300 _a1-255
650 _aHUMAN ANATOMY
942 _2ddc
_cBK
_07
999 _c1584
_d1584